[Event "TCh-TUR Super League 2018"]
[Site "Ankara TUR"]
[Date "2018.08.03"]
[Round "11.5.3"]
[White "Can, Emre"]
[Black "Zeydan, Salih"]
[Result "1-0"]
[WhiteTitle "GM"]
[WhiteElo "2605"]
[BlackElo "2061"]
[WhiteTeam "TURK HAVA YOLLARI (THY) SPOR KULUBU"]
[BlackTeam "DARUSSAFAKA SPOR KULUBU"]
[WhiteFideId "6302181"]
[BlackFideId "6361722"]
[EventDate "2018.07.25"]

1. d4 Nf6 2. c4 e6 3. g3 Bb4+ 4. Nd2 d5 5. Bg2 O-O 6. Nf3 Re8 7. O-O Nbd7 8. Qc2
c6 9. b3 Bd6 10. Bb2 e5 11. cxd5 cxd5 12. dxe5 Nxe5 13. Nxe5 Bxe5 14. Bxe5 Rxe5
15. Nf3 Bf5 16. Qb2 Re7 17. Rac1 Qb6 18. e3 Rae8 19. Rfd1 Be4 20. Qd4 Qa5 21. a4
h5 22. Rc5 Qa6 23. Rdc1 Qe2 24. Qd1 Qb2 25. h3 Bxf3 26. Bxf3 h4 27. gxh4 Ne4 28.
Bxe4 dxe4 29. R1c4 Re6 30. h5 Re5 31. Rc2 Qa3 32. Rxe5 Rxe5 33. h4 Rc5 34. Qd8+
Kh7 35. Qd4 Rxh5 36. Qxe4+ g6 37. Qd4 Qe7 38. Rc8 Re5 39. Rd8 Qf6 40. Rd7 Kg7
41. Rxb7 a5 42. Rb5 Rh5 43. Rxh5 gxh5 44. Kf1 1-0

[Event "TCh-TUR Super League 2018"]
[Site "Ankara TUR"]
[Date "2018.08.04"]
[Round "12.1.2"]
[White "Sadikhov, Ulvi"]
[Black "Erturan, Yakup"]
[Result "1/2-1/2"]
[WhiteTitle "IM"]
[BlackTitle "IM"]
[WhiteElo "2484"]
[BlackElo "2378"]
[WhiteTeam "KARAMAN BELEDIYE SPOR KULUBU"]
[BlackTeam "DARUSSAFAKA SPOR KULUBU"]
[WhiteFideId "13401416"]
[BlackFideId "6301410"]
[EventDate "2018.07.25"]

1. e4 e6 2. d4 d5 3. Nd2 c5 4. Ngf3 Nc6 5. exd5 exd5 6. Bb5 Bd6 7. dxc5 Bxc5 8.
Nb3 Bd6 9. O-O Ne7 10. h3 O-O 11. Re1 Qc7 12. c3 Bf5 13. Bd3 Bxd3 14. Qxd3 h6
15. Be3 Rad8 16. Rad1 Rd7 17. Re2 Rfd8 18. Rde1 Ng6 19. Bc1 Re7 20. Rxe7 Bxe7
21. Qf5 Qd7 22. Qxd7 Rxd7 23. Be3 Nf8 24. Rd1 b6 25. Kf1 f6 26. Nbd4 Nxd4 27.
Nxd4 Kf7 28. Ke2 Ne6 29. Nxe6 Kxe6 30. Kd3 Bc5 31. Re1 Kd6 32. Bf4+ Kc6 33. Re6+
Kb7 34. b4 Bxf2 35. b5 Bc5 36. a4 a6 37. g4 1/2-1/2

[Event "TCh-TUR Super League 2018"]
[Site "Ankara TUR"]
[Date "2018.08.04"]
[Round "12.2.1"]
[White "Mamedov, Rauf"]
[Black "Cheparinov, Ivan"]
[Result "1/2-1/2"]
[WhiteTitle "GM"]
[BlackTitle "GM"]
[WhiteElo "2708"]
[BlackElo "2712"]
[WhiteTeam "BESIKTAS JIMNASTIK KULUBU"]
[BlackTeam "TURK HAVA YOLLARI (THY) SPOR KULUBU"]
[WhiteFideId "13401653"]
[BlackFideId "2905540"]
[EventDate "2018.07.25"]

1. e4 c5 2. Nf3 d6 3. Bb5+ Nd7 4. Ba4 Nf6 5. O-O a6 6. c4 g6 7. Nc3 Bg7 8. d3
O-O 9. Rb1 Ng4 10. Ng5 Nb6 11. Bc2 f5 12. Ne2 h6 13. Nf3 Ne5 14. Nxe5 dxe5 15.
exf5 Bxf5 16. Ng3 Qd6 17. Be3 a5 18. Qe2 Nd7 19. h3 Nb8 20. Qd2 Kh7 21. Ne4 Bxe4
22. dxe4 Nc6 23. Qxd6 exd6 24. Ba4 Nd4 25. g3 Rf7 26. Kg2 Raf8 27. a3 h5 28. Bd2
Bh6 29. Bc3 h4 30. Rbe1 Nf3 31. Rd1 Nd4 32. Rde1 Nf3 33. Rd1 Nd4 1/2-1/2

[Event "TCh-TUR Super League 2018"]
[Site "Ankara TUR"]
[Date "2018.08.04"]
[Round "12.5.8"]
[White "Ozbay, Ece"]
[Black "Celik, Eda"]
[Result "1-0"]
[WhiteTitle "WFM"]
[WhiteElo "2140"]
[BlackElo "1864"]
[WhiteTeam "HATAY BUYUKSEHIR BELEDIYESI GENCLIK SPOR KULUBU"]
[BlackTeam "TAS DUVAR SPOR KULUBU DERNEGI"]
[WhiteFideId "6351743"]
[BlackFideId "6351727"]
[EventDate "2018.07.25"]

1. e4 e5 2. Nf3 Nc6 3. Bb5 a6 4. Ba4 Nf6 5. O-O Be7 6. Re1 b5 7. Bb3 d6 8. c3
O-O 9. h3 Na5 10. Bc2 c5 11. d4 Qc7 12. d5 Bd7 13. b3 Nb7 14. a3 Rab8 15. Nbd2
g6 16. Nf1 Nh5 17. Bh6 Ng7 18. g4 Nd8 19. Ng3 f6 20. Qd2 Nf7 21. Be3 c4 22. b4
a5 23. bxa5 Qxa5 24. Reb1 Qc7 25. Rb4 Ra8 26. Qc1 Ra6 27. Qb2 Rfa8 28. Nd2 Qc8
29. a4 f5 30. gxf5 gxf5 31. exf5 Nxf5 32. Bxf5 Bxf5 33. Rxb5 Bxh3 34. Rb4 Ng5
35. Bxg5 Bxg5 36. Nde4 Bf4 37. Qe2 Kh8 38. Rxc4 Qg8 39. Rc7 R6a7 40. Rxa7 Rxa7
41. Qh5 Bg4 42. Qh4 Bf3 43. Nxd6 Bxd5 44. Rd1 Bg5 45. Qb4 Bf4 46. Nf5 Be6 47.
Qb6 Rd7 48. Rxd7 Bxg3 49. Rd8 Bxf2+ 50. Kxf2 1-0